[Event "BCF-chT3 0708 (4NCL)"]
[Site "Sunningdale"]
[Date "2007.11.11"]
[Round "4.7"]
[White "Pym, Thomas TW"]
[Black "Wallis, Ian J"]
[Result "1-0"]
[WhiteElo "2073"]
[BlackElo "2075"]
[PlyCount "61"]
[EventDate "2007.09.15"]
[EventType "team-tourn"]
[EventRounds "11"]
[EventCountry "ENG"]
[SourceTitle "EXT 2023"]
[Source "ChessBase"]
[SourceDate "2022.10.05"]
[SourceVersion "1"]
[SourceVersionDate "2022.10.05"]
[SourceQuality "1"]
[WhiteTeam "Wessex II"]
[BlackTeam "Anglian Avengers"]
[WhiteTeamCountry "ENG"]
[BlackTeamCountry "ENG"]

1. e4 e5 2. Nf3 Nc6 3. Bb5 a6 4. Ba4 Nf6 5. Qe2 b5 6. Bb3 Be7 7. c3 0-0 8. 0-0 d5 9. d3 Bb7 10. Rd1 Re8 11. Nbd2 Bf8 12. a3 Qd7 13. Nf1 h6 14. Ne3 Na7 15. h4 c5 16. g4 dxe4 17. dxe4 Qc8 18. g5 Nxe4 19. Nd5 Qg4+ 20. Kh2 Rad8 21. gxh6 c4 22. hxg7 Bxg7 23. Ne7+ Kh8 24. Rg1 Qh5 25. Bc2 Nxc3 26. Rg5 Qxf3 27. Rh5+ Bh6 28. Qxe5+ f6 29. Rxh6+ Kg7 30. Rh7+ Kf8 31. Bh6# 1-0

[Event "BCF-chT3 0708 (4NCL)"]
[Site "Sunningdale"]
[Date "2007.09.15"]
[Round "1"]
[White "Pym, Thomas TW"]
[Black "Wilson, Alexandra"]
[Result "1-0"]
[WhiteElo "2073"]
[BlackElo "2066"]
[PlyCount "65"]
[EventDate "2007.09.15"]
[EventType "team-tourn"]
[EventRounds "11"]
[EventCountry "ENG"]
[SourceTitle "CBM 120 Extra"]
[Source "ChessBase"]
[SourceDate "2007.11.01"]
[SourceVersion "1"]
[SourceVersionDate "2007.11.01"]
[SourceQuality "1"]
[WhiteTeam "Wessex II"]
[BlackTeam "Jutes of Kent"]
[WhiteTeamCountry "ENG"]
[BlackTeamCountry "ENG"]

1. e4 e6 2. d4 d5 3. Nd2 Nf6 4. e5 Nfd7 5. c3 c5 6. Bd3 Nc6 7. Ngf3 Be7 8. 0-0 a5 9. a4 cxd4 10. cxd4 g5 11. Nb3 g4 12. Ne1 h5 13. Kh1 Rg8 14. f4 Nf8 15. f5 exf5 16. Bxf5 Ne6 17. Be3 Bd7 18. Nd3 b6 19. Rc1 Rc8 20. Rc2 Nb4 21. Rcf2 Bh4 22. Bh7 Bxf2 23. Bxg8 Bxe3 24. Nxb4 Bxa4 25. Bxf7+ Ke7 26. Bxe6 Kxe6 27. Qd3 Qg5 28. Rf6+ Qxf6 29. exf6 Bg5 30. Qe2+ Kf7 31. Qe7+ Kg6 32. Qg7+ Kf5 33. Nxd5 1-0

[Event "Glorney Cup"]
[Site "Dublin"]
[Date "2007.07.26"]
[Round "5"]
[White "Griffiths, Ryan Rhys"]
[Black "Pym, Thomas TW"]
[Result "1/2-1/2"]
[WhiteElo "2104"]
[BlackElo "2053"]
[PlyCount "49"]
[EventDate "2007.07.24"]
[EventType "team-swiss"]
[EventRounds "5"]
[EventCountry "IRL"]
[SourceTitle "EXT 2010"]
[Source "ChessBase"]
[SourceDate "2010.11.25"]
[SourceVersion "1"]
[SourceVersionDate "2010.11.25"]
[SourceQuality "1"]

1. e4 g6 2. d4 Bg7 3. Nc3 d6 4. Bg5 a6 5. Nf3 Nd7 6. Bc4 b5 7. Bb3 c5 8. a4 c4 9. Ba2 Bb7 10. axb5 axb5 11. Nxb5 Qa5+ 12. Nc3 Bxe4 13. 0-0 Bxf3 14. Qxf3 Ngf6 15. Bxf6 Bxf6 16. Qc6 Qa6 17. Qxa6 Rxa6 18. Nb5 0-0 19. Bxc4 Rc6 20. Bd3 Rb8 21. b3 e5 22. Ra7 Nb6 23. dxe5 Bxe5 24. Rd1 d5 25. g3 1/2-1/2

[Event "Glorney Cup"]
[Site "Dublin"]
[Date "2007.07.24"]
[Round "2"]
[White "Pym, Thomas TW"]
[Black "Davies, Carl"]
[Result "1-0"]
[WhiteElo "2053"]
[BlackElo "1876"]
[PlyCount "53"]
[EventDate "2007.07.24"]
[EventType "team-swiss"]
[EventRounds "5"]
[EventCountry "IRL"]
[SourceTitle "EXT 2010"]
[Source "ChessBase"]
[SourceDate "2010.11.25"]
[SourceVersion "1"]
[SourceVersionDate "2010.11.25"]
[SourceQuality "1"]

1. e4 e5 2. Nf3 Nf6 3. Nxe5 d6 4. Nf3 Nxe4 5. Nc3 Nxc3 6. dxc3 Be7 7. Be3 0-0 8. Qd2 Bf5 9. 0-0-0 Nc6 10. h4 Qd7 11. Be2 Rad8 12. c4 Bf6 13. Bg5 Bxg5 14. hxg5 a5 15. Bd3 Nb4 16. Bxf5 Qxf5 17. Nd4 Qd7 18. a3 Qa4 19. Nb3 d5 20. axb4 axb4 21. Qd3 h6 22. cxd5 c5 23. Qg3 c4 24. gxh6 g6 25. Qe5 f6 26. Qe7 Rd7 27. h7+ 1-0

[Event "BCF-chT3 0607 (4NCL)"]
[Site "Sunningdale"]
[Date "2007.05.05"]
[Round "9.5"]
[White "Pym, Thomas TW"]
[Black "Brown, Alan M"]
[Result "1/2-1/2"]
[WhiteElo "2059"]
[BlackElo "2127"]
[PlyCount "72"]
[EventDate "2006.09.16"]
[EventType "team"]
[EventRounds "11"]
[EventCountry "ENG"]
[SourceTitle "EXT 2008"]
[Source "ChessBase"]
[SourceDate "2007.11.25"]
[SourceVersion "1"]
[SourceVersionDate "2007.11.25"]
[SourceQuality "1"]
[WhiteTeam "Wessex II"]
[BlackTeam "SW Dragons II"]
[WhiteTeamCountry "ENG"]
[BlackTeamCountry "ENG"]

1. e4 e6 2. d4 d5 3. Nd2 Nf6 4. e5 Nfd7 5. c3 b6 6. f4 Ba6 7. Bxa6 Nxa6 8. Ndf3 c5 9. f5 Nc7 10. fxe6 fxe6 11. Ne2 Be7 12. 0-0 0-0 13. Be3 Qe8 14. Qd3 Rc8 15. Ng5 Qh5 16. Nf4 Rxf4 17. Rxf4 Bxg5 18. Rf3 c4 19. Qe2 Bxe3+ 20. Qxe3 Rf8 21. Rxf8+ Nxf8 22. Rf1 Na6 23. b3 cxb3 24. axb3 Nb8 25. c4 dxc4 26. bxc4 Nbd7 27. Qa3 Qg5 28. Kh1 Qh4 29. Qd6 h6 30. h3 Qe4 31. c5 Qd3 32. Rxf8+ Nxf8 33. c6 Qf1+ 34. Kh2 Qf4+ 35. Kg1 Qc1+ 36. Kh2 Qf4+ 1/2-1/2

[Event "Blackpool op 31st"]
[Site "Blackpool"]
[Date "2007.03.18"]
[Round "4"]
[White "Pym, Thomas TW"]
[Black "Blackburn, Jonathan LB"]
[Result "0-1"]
[WhiteElo "2053"]
[BlackElo "2206"]
[PlyCount "80"]
[EventDate "2007.03.16"]
[EventType "swiss"]
[EventRounds "5"]
[EventCountry "ENG"]
[SourceTitle "CBM 117 Extra"]
[Source "ChessBase"]
[SourceDate "2007.05.09"]
[SourceVersion "1"]
[SourceVersionDate "2007.05.09"]
[SourceQuality "1"]

1. e4 e6 2. d4 d5 3. Nd2 Be7 4. c3 c5 5. dxc5 Bxc5 6. Nb3 Bb6 7. exd5 Nf6 8. Nf3 0-0 9. Bd3 Qxd5 10. 0-0 Rd8 11. Bc2 Qh5 12. Qe2 Nc6 13. Bg5 e5 14. Bxf6 gxf6 15. h3 Be6 16. Rfe1 Qh6 17. Rad1 Kh8 18. Rxd8+ Rxd8 19. Be4 Ne7 20. Bxb7 Ng6 21. Kh2 Nf4 22. Qf1 Rg8 23. Ng1 e4 24. Bxe4 Nxh3 25. gxh3 Qf4+ 26. Kh1 Bxf2 27. Bg2 Rxg2 28. Qxg2 Bxe1 29. Nd4 Bc4 30. Qa8+ Kg7 31. Qg2+ Kh6 32. Qc6 Bd3 33. Qg2 Bf2 34. Ndf3 Qe3 35. Nh2 f5 36. Qc6+ Kg7 37. Qg2+ Bg3 38. Nhf3 f4 39. Ng5 h6 40. Nxf7 Be4 0-1

[Event "Blackpool op 31st"]
[Site "Blackpool"]
[Date "2007.03.17"]
[Round "3"]
[White "Lyell, Mark"]
[Black "Pym, Thomas TW"]
[Result "1/2-1/2"]
[WhiteElo "2212"]
[BlackElo "2053"]
[PlyCount "104"]
[EventDate "2007.03.16"]
[EventType "swiss"]
[EventRounds "5"]
[EventCountry "ENG"]
[SourceTitle "CBM 117 Extra"]
[Source "ChessBase"]
[SourceDate "2007.05.09"]
[SourceVersion "1"]
[SourceVersionDate "2007.05.09"]
[SourceQuality "1"]

1. e4 g6 2. d4 Bg7 3. Nf3 d6 4. Bc4 Nf6 5. Qe2 0-0 6. 0-0 Bg4 7. c3 Nc6 8. h3 Bxf3 9. Qxf3 e5 10. d5 Ne7 11. Bg5 Nd7 12. Nd2 h6 13. Bxe7 Qxe7 14. Bd3 c6 15. c4 Qg5 16. Qe3 Qxe3 17. fxe3 Nc5 18. Bc2 a5 19. Kf2 a4 20. Ke2 Rac8 21. g4 b5 22. cxb5 cxb5 23. Bd3 Nxd3 24. Kxd3 Rc7 25. Rac1 Rfc8 26. Rxc7 Rxc7 27. b3 axb3 28. axb3 Kf8 29. Ra1 Bf6 30. Ra8+ Ke7 31. Rb8 Rc1 32. Rxb5 Rh1 33. Rb7+ Kf8 34. b4 Rxh3 35. b5 Bg5 36. Nc4 Rh1 37. Nxd6 Be7 38. Rb8+ Kg7 39. Nc4 h5 40. gxh5 gxh5 41. Ke2 h4 42. d6 Bf6 43. Nd2 Rh2+ 44. Kd3 h3 45. Rc8 Rh1 46. Nf3 Rd1+ 47. Ke2 Rxd6 48. Kf2 Rd3 49. Rc5 Rb3 50. Nxe5 Bxe5 51. Rxe5 Kf6 52. Rf5+ Ke6 1/2-1/2

[Event "BCF-chT3 0607 (4NCL)"]
[Site "Sunningdale"]
[Date "2007.01.14"]
[Round "6.6"]
[White "Pym, Thomas TW"]
[Black "Habershon, Paul F"]
[Result "0-1"]
[WhiteElo "2053"]
[BlackElo "2095"]
[PlyCount "88"]
[EventDate "2006.09.16"]
[EventType "team"]
[EventRounds "11"]
[EventCountry "ENG"]
[SourceTitle "EXT 2008"]
[Source "ChessBase"]
[SourceDate "2007.11.25"]
[SourceVersion "1"]
[SourceVersionDate "2007.11.25"]
[SourceQuality "1"]
[WhiteTeam "Wessex II"]
[BlackTeam "FCA Solutions"]
[WhiteTeamCountry "ENG"]
[BlackTeamCountry "ENG"]

1. e4 Nf6 2. e5 Nd5 3. d4 d6 4. c4 Nb6 5. exd6 cxd6 6. d5 e5 7. f4 g6 8. Nc3 Bg7 9. Be2 0-0 10. Nf3 Bg4 11. 0-0 N8d7 12. h3 Bxf3 13. Rxf3 Rc8 14. Qf1 f5 15. Nb5 Qe7 16. Nxa7 Rce8 17. Rb3 exf4 18. Bf3 Nxc4 19. Rxb7 Qh4 20. Bxf4 Qxf4 21. Rxd7 Bd4+ 22. Kh1 Nd2 23. Qd3 Be5 24. g3 Qxg3 25. Qxd2 Qxh3+ 26. Kg1 Qxf3 27. Nc6 Bf4 28. Qg2 Be3+ 29. Kh1 Qh5+ 30. Qh2 Qxh2+ 31. Kxh2 Bf4+ 32. Kg2 Re4 33. a4 Rfe8 34. a5 Re2+ 35. Kf3 Bg5 36. Ra3 Bh4 37. Ne7+ R8xe7 38. Rxe7 Rxe7 39. b4 Bf6 40. b5 Bd4 41. b6 Kf7 42. Ra4 Bc5 43. Rc4 Re3+ 44. Kg2 Rb3 0-1

[Event "EU-ch U16"]
[Site "Herceg Novi"]
[Date "2006.09.10"]
[Round "1"]
[White "Pym, Thomas TW"]
[Black "Leniart, Arkadiusz"]
[Result "0-1"]
[WhiteElo "2114"]
[BlackElo "2348"]
[PlyCount "50"]
[EventDate "2006.09.10"]
[EventType "swiss"]
[EventRounds "9"]
[EventCountry "MNE"]
[SourceTitle "CBM 114 Extra"]
[Source "ChessBase"]
[SourceDate "2006.11.03"]
[SourceVersion "1"]
[SourceVersionDate "2006.11.03"]
[SourceQuality "1"]

1. e4 e5 2. Nf3 Nc6 3. Bb5 a6 4. Ba4 d6 5. 0-0 Bd7 6. c3 Nge7 7. d4 Ng6 8. h3 Be7 9. d5 Nb8 10. Bc2 0-0 11. c4 h6 12. Nc3 Bg5 13. Nxg5 hxg5 14. f3 Nf4 15. Be3 g6 16. b4 Kg7 17. c5 Rh8 18. a4 Bxh3 19. gxh3 Rxh3 20. Ne2 Qh8 21. Bxf4 gxf4 22. Nxf4 exf4 23. Qd4+ f6 24. Kf2 Rh2+ 25. Ke1 Rxc2 0-1

[Event "BCF-chT3 0506 (4NCL)"]
[Site "Birmingham"]
[Date "2006.03.05"]
[Round "8.4"]
[White "Pym, Thomas TW"]
[Black "Dunn, Andrew"]
[Result "1/2-1/2"]
[WhiteElo "2073"]
[BlackElo "2188"]
[PlyCount "51"]
[EventDate "2005.10.22"]
[EventType "team"]
[EventRounds "11"]
[EventCountry "ENG"]
[SourceTitle "EXT 2007"]
[Source "ChessBase"]
[SourceDate "2006.11.23"]
[SourceVersion "1"]
[SourceVersionDate "2006.11.23"]
[SourceQuality "1"]
[WhiteTeam "Wessex II"]
[BlackTeam "Poisoned Pawns"]
[WhiteTeamCountry "ENG"]
[BlackTeamCountry "ENG"]

1. e4 c6 2. d4 d5 3. exd5 cxd5 4. Bd3 Nc6 5. Be3 Nf6 6. h3 a6 7. Nf3 Qc7 8. c3 e6 9. 0-0 Bd6 10. Qc2 h6 11. Nbd2 Bd7 12. a3 Na5 13. Rfe1 Nc4 14. Bxc4 dxc4 15. Ne5 b5 16. Ne4 Bxe5 17. dxe5 Nxe4 18. Qxe4 Bc6 19. Qg4 Bd5 20. a4 bxa4 21. Rxa4 Qxe5 22. f4 h5 23. Qg3 Qf6 24. Bd4 Qg6 25. Qxg6 fxg6 26. Bxg7 1/2-1/2

[Event "BCF-chT3 0506 (4NCL)"]
[Site "Birmingham"]
[Date "2006.01.14"]
[Round "5.1"]
[White "Pym, Thomas TW"]
[Black "Ghasi, Ameet K"]
[Result "0-1"]
[WhiteElo "2073"]
[BlackElo "2341"]
[PlyCount "38"]
[EventDate "2005.10.22"]
[EventType "team"]
[EventRounds "11"]
[EventCountry "ENG"]
[SourceTitle "EXT 2007"]
[Source "ChessBase"]
[SourceDate "2006.11.23"]
[SourceVersion "1"]
[SourceVersionDate "2006.11.23"]
[SourceQuality "1"]
[WhiteTeam "Wessex II"]
[BlackTeam "Hilsmark Kingfisher II"]
[WhiteTeamCountry "ENG"]
[BlackTeamCountry "ENG"]

1. e4 c5 2. Nf3 Nc6 3. d4 cxd4 4. Nxd4 Nf6 5. Nc3 e6 6. Ndb5 Bb4 7. a3 Bxc3+ 8. Nxc3 d5 9. exd5 exd5 10. Bd3 0-0 11. 0-0 d4 12. Ne2 Bg4 13. f3 Bh5 14. Bg5 Qd6 15. Bh4 Bg6 16. Bf2 Rfd8 17. Bxg6 hxg6 18. Qd3 Nd7 19. Bxd4 Nc5 0-1

[Event "Hastings Masters op 81st"]
[Site "Hastings"]
[Date "2006.01.06"]
[Round "10"]
[White "Calvert, David Ian"]
[Black "Pym, Thomas TW"]
[Result "0-1"]
[WhiteElo "2073"]
[BlackElo "2100"]
[PlyCount "61"]
[EventDate "2005.12.28"]
[EventType "swiss"]
[EventRounds "10"]
[EventCountry "ENG"]
[SourceTitle "CBM 110 Extra"]
[Source "ChessBase"]
[SourceDate "2006.03.10"]
[SourceVersion "2"]
[SourceVersionDate "2006.03.10"]
[SourceQuality "1"]

1. b3 e5 2. Bb2 Nc6 3. e3 d6 4. Nf3 g5 5. d4 Bg7 6. dxe5 g4 7. Nd4 Nxe5 8. Nc3 a6 9. Qd2 Ne7 10. 0-0-0 b5 11. f4 gxf3 12. gxf3 c5 13. Ndxb5 axb5 14. Nxb5 0-0 15. f4 N5g6 16. Bxg7 Kxg7 17. Nxd6 Rxa2 18. Qc3+ f6 19. Nf5+ Bxf5 20. Rxd8 Rxd8 21. Bg2 Rxc2+ 22. Qxc2 Bxc2 23. Kxc2 Nf5 24. Re1 Re8 25. Kd2 Ngh4 26. Bc6 Re6 27. Bh1 Kf8 28. e4 Nd4 29. Kc3 Rb6 30. Kc4 Nxb3 31. f5 0-1

[Event "Hastings Masters op 81st"]
[Site "Hastings"]
[Date "2006.01.02"]
[Round "6"]
[White "Cafferty, Bernard"]
[Black "Pym, Thomas TW"]
[Result "1/2-1/2"]
[WhiteElo "2207"]
[BlackElo "2100"]
[PlyCount "51"]
[EventDate "2005.12.28"]
[EventType "swiss"]
[EventRounds "10"]
[EventCountry "ENG"]
[SourceTitle "CBM 110 Extra"]
[Source "ChessBase"]
[SourceDate "2006.03.10"]
[SourceVersion "2"]
[SourceVersionDate "2006.03.10"]
[SourceQuality "1"]

1. b4 e5 2. Bb2 d6 3. c4 Be6 4. e3 Nd7 5. Nf3 f5 6. d4 e4 7. d5 exf3 8. dxe6 Ne5 9. gxf3 Qf6 10. Nc3 Qxe6 11. Nd5 0-0-0 12. f4 Ng6 13. Be2 c6 14. Nc3 Nf6 15. Qa4 Kb8 16. 0-0-0 d5 17. cxd5 Nxd5 18. Bc4 Be7 19. Nxd5 cxd5 20. Bb3 Bf6 21. Bd4 Rc8+ 22. Kb1 Bxd4 23. Rxd4 Rhd8 24. Rhd1 Ne7 25. b5 Rc5 26. Qb4 1/2-1/2

[Event "Hastings Masters op 81st"]
[Site "Hastings"]
[Date "2006.01.01"]
[Round "5"]
[White "Pym, Thomas TW"]
[Black "Burrows, Martin P"]
[Result "1/2-1/2"]
[WhiteElo "2100"]
[BlackElo "2200"]
[PlyCount "52"]
[EventDate "2005.12.28"]
[EventType "swiss"]
[EventRounds "10"]
[EventCountry "ENG"]
[SourceTitle "CBM 110 Extra"]
[Source "ChessBase"]
[SourceDate "2006.03.10"]
[SourceVersion "2"]
[SourceVersionDate "2006.03.10"]
[SourceQuality "1"]

1. e4 e6 2. d4 d5 3. Nd2 a6 4. Ngf3 c5 5. exd5 exd5 6. dxc5 Bxc5 7. Nb3 Ba7 8. Bd3 Ne7 9. Bf4 Nbc6 10. 0-0 0-0 11. Re1 Nb4 12. Nbd4 Nxd3 13. Qxd3 Ng6 14. Bg3 Qf6 15. Rad1 Bg4 16. c3 Rad8 17. h3 Bc8 18. Ne5 Rfe8 19. Nxg6 Rxe1+ 20. Rxe1 hxg6 21. Be5 Qg5 22. Bc7 Rf8 23. Bd6 Bxd4 24. cxd4 Bf5 25. Qe3 Qxe3 26. Rxe3 Rd8 1/2-1/2

[Event "Hastings Masters op 81st"]
[Site "Hastings"]
[Date "2005.12.30"]
[Round "3"]
[White "Pym, Thomas TW"]
[Black "Kuzubov, Yuriy"]
[Result "0-1"]
[WhiteElo "2100"]
[BlackElo "2541"]
[PlyCount "52"]
[EventDate "2005.12.28"]
[EventType "swiss"]
[EventRounds "10"]
[EventCountry "ENG"]
[SourceTitle "CBM 110 Extra"]
[Source "ChessBase"]
[SourceDate "2006.03.10"]
[SourceVersion "2"]
[SourceVersionDate "2006.03.10"]
[SourceQuality "1"]

1. e4 c5 2. Nf3 Nc6 3. d4 cxd4 4. Nxd4 g6 5. Nc3 Bg7 6. Be3 Nf6 7. Bc4 0-0 8. Bb3 a5 9. f3 d5 10. Nxd5 Nxd5 11. Nxc6 bxc6 12. exd5 a4 13. Bc4 a3 14. b3 Qa5+ 15. Bd2 Qc5 16. Rc1 cxd5 17. Bd3 e5 18. Qe2 e4 19. fxe4 dxe4 20. Bc4 Be6 21. Bxe6 fxe6 22. c4 Rad8 23. Rc2 Qd4 24. Qe3 Qa1+ 25. Bc1 Qb1 26. Qxe4 Rf5 0-1

[Event "Hastings Masters op 81st"]
[Site "Hastings"]
[Date "2005.12.29"]
[Round "2"]
[White "Johnsen, Gunnar"]
[Black "Pym, Thomas TW"]
[Result "1/2-1/2"]
[WhiteElo "2231"]
[BlackElo "2100"]
[PlyCount "78"]
[EventDate "2005.12.28"]
[EventType "swiss"]
[EventRounds "10"]
[EventCountry "ENG"]
[SourceTitle "CBM 110 Extra"]
[Source "ChessBase"]
[SourceDate "2006.03.10"]
[SourceVersion "2"]
[SourceVersionDate "2006.03.10"]
[SourceQuality "1"]

1. d4 g6 2. e4 Bg7 3. c4 d6 4. Nc3 e5 5. dxe5 dxe5 6. Qxd8+ Kxd8 7. f4 Nc6 8. Nf3 f6 9. fxe5 fxe5 10. Bg5+ Nge7 11. 0-0-0+ Bd7 12. Nd5 Rf8 13. Nh4 Rc8 14. b4 Rf7 15. b5 Nd4 16. Nxe7 Rxe7 17. Nf3 Ne6 18. Bxe7+ Kxe7 19. Kb1 c6 20. g3 Nc5 21. Rxd7+ Nxd7 22. Bh3 Rf8 23. bxc6 bxc6 24. Bxd7 Kxd7 25. Rd1+ Ke7 26. Rd3 h6 27. Rb3 Rd8 28. Rb7+ Rd7 29. Rxd7+ Kxd7 30. Nh4 Kd6 31. Kc2 Kc5 32. Kc3 g5 33. Nf5 Bf8 34. g4 a5 35. a4 Kb6 36. Kd3 Kc5 37. Kc3 Kb6 38. Ne3 Bc5 39. Nf5 Bf8 1/2-1/2

[Event "EU-ch U16"]
[Site "Herceg Novi"]
[Date "2005.09.17"]
[Round "4"]
[White "Pym, Thomas TW"]
[Black "Valner, Uku"]
[Result "1-0"]
[WhiteElo "2099"]
[BlackElo "1960"]
[PlyCount "41"]
[EventDate "2005.09.14"]
[EventType "swiss"]
[EventRounds "9"]
[EventCountry "YUG"]
[SourceTitle "CBM 108 Extra"]
[Source "ChessBase"]
[SourceDate "2005.11.04"]
[SourceVersion "1"]
[SourceVersionDate "2005.11.04"]
[SourceQuality "1"]

1. e4 b6 2. d4 Bb7 3. Nc3 e6 4. Bd3 f5 5. Nf3 fxe4 6. Nxe4 Be7 7. Ne5 Bf6 8. Qg4 Qe7 9. Ng5 d6 10. Nef7 Bxg5 11. Nxg5 Nf6 12. Qh3 Nc6 13. 0-0 Nxd4 14. c3 Nc6 15. Nxe6 Kf7 16. Re1 Kg8 17. Bg5 Ne5 18. Rxe5 dxe5 19. Bc4 h6 20. Nf4+ Kh7 21. Qf5+ 1-0

[Event "EU-ch U16"]
[Site "Herceg Novi"]
[Date "2005.09.14"]
[Round "1"]
[White "Brener, Ilja"]
[Black "Pym, Thomas TW"]
[Result "1-0"]
[WhiteElo "2316"]
[BlackElo "2099"]
[PlyCount "79"]
[EventDate "2005.09.14"]
[EventType "swiss"]
[EventRounds "9"]
[EventCountry "YUG"]
[SourceTitle "CBM 108 Extra"]
[Source "ChessBase"]
[SourceDate "2005.11.04"]
[SourceVersion "1"]
[SourceVersionDate "2005.11.04"]
[SourceQuality "1"]

1. Nf3 Nf6 2. g3 g6 3. Bg2 Bg7 4. 0-0 c5 5. c3 0-0 6. d4 d6 7. Nbd2 Nc6 8. e4 e5 9. d5 Ne7 10. Ne1 Nh5 11. a4 Bd7 12. Nc4 Qb8 13. Nc2 Be8 14. N2a3 f5 15. exf5 gxf5 16. Bg5 Nf6 17. f4 Bh5 18. Qd2 e4 19. Ne3 Bf7 20. Bxf6 Bxf6 21. Nac4 Bg6 22. g4 Re8 23. Kh1 Qc7 24. Bh3 fxg4 25. Bxg4 Kh8 26. Rg1 Rad8 27. Be6 Nc8 28. Ng4 Qe7 29. Nce3 Nb6 30. Qg2 Na8 31. f5 Bf7 32. Qxe4 Nc7 33. Nxf6 Qxf6 34. Ng4 Qg7 35. Rg2 Nxe6 36. dxe6 Bh5 37. f6 Qg6 38. Qxg6 Bxg6 39. e7 Rc8 40. Kg1 1-0

[Event "BCF-ch 92nd"]
[Site "Douglas"]
[Date "2005.08.11"]
[Round "10"]
[White "Mitchell, Martin"]
[Black "Pym, Thomas TW"]
[Result "1-0"]
[WhiteElo "2172"]
[BlackElo "2099"]
[PlyCount "133"]
[EventDate "2005.08.01"]
[EventType "swiss"]
[EventRounds "11"]
[EventCountry "ENG"]
[SourceTitle "CBM 107 Extra"]
[Source "ChessBase"]
[SourceDate "2005.09.01"]
[SourceVersion "1"]
[SourceVersionDate "2005.09.01"]
[SourceQuality "1"]

1. d4 Nf6 2. c4 c5 3. d5 b5 4. cxb5 a6 5. f3 d6 6. e4 g6 7. Na3 Bg7 8. Bd3 0-0 9. Ne2 axb5 10. Nxb5 e6 11. dxe6 fxe6 12. 0-0 Ne8 13. Kh1 d5 14. Nbc3 Nc6 15. exd5 exd5 16. Bb5 Nb4 17. Be3 d4 18. Ne4 Nd6 19. Bg5 Qc7 20. Nxd6 Qxd6 21. Bc4+ Kh8 22. Qd2 Ba6 23. Bxa6 Qxa6 24. Be7 Rf5 25. Bxc5 Rxc5 26. Qxb4 Rc4 27. Qd2 Re8 28. b3 Rc7 29. Nf4 Rce7 30. Rae1 Re3 31. Nd5 Re2 32. Rxe2 Rxe2 33. Qb4 Re8 34. Qc4 Qxa2 35. Nf4 Qb2 36. Ne6 Bf6 37. Qc6 Rb8 38. Qd6 Ra8 39. Qc6 Rb8 40. Qd6 Rc8 41. Qd7 Qc2 42. Nxd4 Qc1 43. Rg1 Qc7 44. Qg4 Rb8 45. Qe4 Qd7 46. Ne6 Re8 47. Nc5 Qb5 48. Qf4 Be5 49. Qf7 Rc8 50. Ne4 Qb8 51. g3 Rf8 52. Qe7 Bg7 53. b4 Rxf3 54. Rd1 Rf8 55. Rd7 Qe5 56. Qxe5 Bxe5 57. Rd5 Bg7 58. Kg2 Rb8 59. b5 Bb2 60. Kf3 Rb7 61. Nd6 Rb8 62. Nc4 Bf6 63. b6 Bd8 64. b7 Bc7 65. Rb5 Kg7 66. Ke4 Kf6 67. Kd5 1-0

[Event "BCF-ch 92nd"]
[Site "Douglas"]
[Date "2005.08.03"]
[Round "3"]
[White "Pym, Thomas TW"]
[Black "Stone, Andrew"]
[Result "0-1"]
[WhiteElo "2099"]
[BlackElo "2265"]
[PlyCount "50"]
[EventDate "2005.08.01"]
[EventType "swiss"]
[EventRounds "11"]
[EventCountry "ENG"]
[SourceTitle "CBM 107 Extra"]
[Source "ChessBase"]
[SourceDate "2005.09.01"]
[SourceVersion "1"]
[SourceVersionDate "2005.09.01"]
[SourceQuality "1"]

1. e4 e6 2. d3 d5 3. Nd2 Nf6 4. Ngf3 c5 5. g3 Nc6 6. Bg2 Be7 7. 0-0 0-0 8. Re1 b5 9. e5 Nd7 10. Nf1 a5 11. h4 b4 12. Bf4 Ba6 13. c4 bxc3 14. bxc3 Rb8 15. c4 dxc4 16. Ng5 Nd4 17. Be4 Bxg5 18. hxg5 cxd3 19. Ne3 Ne2+ 20. Kg2 Rb4 21. Bxh7+ Kxh7 22. Rxe2 dxe2 23. Qh1+ Kg8 24. Qh4 Nxe5 25. Rh1 Bb7+ 0-1

[Event "BCF-chT3 0405 (4NCL)"]
[Site "Telford"]
[Date "2005.05.30"]
[Round "11.3"]
[White "Pym, Thomas TW"]
[Black "Roberts, Paul"]
[Result "0-1"]
[WhiteElo "2111"]
[BlackElo "2184"]
[PlyCount "114"]
[EventDate "2004.11.06"]
[EventType "team"]
[EventRounds "11"]
[EventCountry "ENG"]
[SourceTitle "EXT 2006"]
[Source "ChessBase"]
[SourceDate "2005.11.24"]
[SourceVersion "1"]
[SourceVersionDate "2005.11.24"]
[SourceQuality "1"]
[WhiteTeam "Wessex II"]
[BlackTeam "Athenaeum"]
[WhiteTeamCountry "ENG"]
[BlackTeamCountry "ENG"]

1. e4 d6 2. d4 Nf6 3. Nc3 e5 4. Nf3 Nbd7 5. Bc4 Be7 6. 0-0 0-0 7. Bb3 a6 8. a4 exd4 9. Nxd4 Nc5 10. Re1 Nxb3 11. cxb3 Re8 12. Qc2 c6 13. h3 Qa5 14. Bf4 Qb4 15. Rad1 c5 16. Nf3 Be6 17. Nd2 d5 18. exd5 Nxd5 19. Nxd5 Bxd5 20. Nc4 Bxc4 21. bxc4 Bf6 22. Rxe8+ Rxe8 23. Bc1 Re1+ 24. Rxe1 Qxe1+ 25. Kh2 Be5+ 26. g3 Bd4 27. Kg2 Bxf2 28. Qxf2 Qxc1 29. Qxc5 Qxb2+ 30. Kf3 Qf6+ 31. Ke4 Qe6+ 32. Kd3 Qd7+ 33. Kc3 g6 34. g4 h6 35. a5 Kh7 36. Qb6 Qe7 37. Kb3 Qe4 38. Qc7 Kg7 39. Kb4 Qd4 40. Qb6 Qb2+ 41. Ka4 Qa1+ 42. Kb4 Qe5 43. Kb3 Qe4 44. Qc7 Kf6 45. Qd8+ Qe7 46. Qd4+ Kg5 47. Qd2+ Kh4 48. Qxh6+ Kg3 49. Qh8 f6 50. Qc8 Kxh3 51. c5 Qe3+ 52. Kc4 Qe4+ 53. Kc3 Qc6 54. Qf8 Qf3+ 55. Kd2 Kxg4 56. Qc8+ f5 57. Qe6 g5 0-1

[Event "BCF-chT3 0405 (4NCL)"]
[Site "Telford"]
[Date "2005.05.28"]
[Round "9.5"]
[White "Pym, Thomas TW"]
[Black "Freeman, Richard"]
[Result "1-0"]
[WhiteElo "2111"]
[BlackElo "2117"]
[PlyCount "81"]
[EventDate "2004.11.06"]
[EventType "team"]
[EventRounds "11"]
[EventCountry "ENG"]
[SourceTitle "EXT 2006"]
[Source "ChessBase"]
[SourceDate "2005.11.24"]
[SourceVersion "1"]
[SourceVersionDate "2005.11.24"]
[SourceQuality "1"]
[WhiteTeam "Wessex II"]
[BlackTeam "FCA Solutions"]
[WhiteTeamCountry "ENG"]
[BlackTeamCountry "ENG"]

1. e4 c5 2. Nf3 g6 3. d4 Bg7 4. Nc3 cxd4 5. Nxd4 Nc6 6. Be3 Nf6 7. Bc4 Na5 8. Bxf7+ Kxf7 9. e5 Nc4 10. exf6 Nxe3 11. fxe3 Bxf6 12. Qf3 Kg7 13. 0-0-0 Bxd4 14. Rxd4 Rf8 15. Qg3 d6 16. Rhd1 Be6 17. Qh4 Bg8 18. Qh3 Qc8 19. g4 h6 20. Qh4 Qc7 21. e4 Rac8 22. R4d3 g5 23. Qe1 b5 24. Qd2 Qc5 25. Rd4 Rf4 26. Re1 Rcf8 27. Nd5 Rf2 28. Qd1 e6 29. Ne3 Rd8 30. Rh1 Bh7 31. h4 e5 32. Rd3 Bxe4 33. Rh3 Bxd3 34. Qxd3 Qb4 35. hxg5 Qe1+ 36. Nd1 e4 37. Qd4+ Kf7 38. Qxf2+ Qxf2 39. Nxf2 hxg5 40. Nxe4 Kg6 41. Rh5 1-0